Six Sigma Tool Navigator : (Record no. 31549)
[ view plain ]
| 000 -LEADER | |
|---|---|
| fixed length control field | 01451cam a22003614a 4500 |
| 001 - CONTROL NUMBER | |
| control field | 13124096 |
| 003 - CONTROL NUMBER IDENTIFIER | |
| control field | OSt |
| 005 - DATE AND TIME OF LATEST TRANSACTION | |
| control field | 20211125111045.0 |
| 008 - FIXED-LENGTH DATA ELEMENTS--GENERAL INFORMATION | |
| fixed length control field | 030314s2003 nyua b 001 0 eng |
| 010 ## - LIBRARY OF CONGRESS CONTROL NUMBER | |
| LC control number | 2003006071 |
| 020 ## - INTERNATIONAL STANDARD BOOK NUMBER | |
| International Standard Book Number | 1563272954 (pbk. : alk. paper) |
| 038 ## - RECORD CONTENT LICENSOR | |
| Staff Name | Khadija |
| 040 ## - CATALOGING SOURCE | |
| Original cataloging agency | DLC |
| Transcribing agency | DLC |
| Modifying agency | DLC |
| 042 ## - AUTHENTICATION CODE | |
| Authentication code | pcc |
| 050 00 - LIBRARY OF CONGRESS CALL NUMBER | |
| Classification number | HD62.15 |
| Item number | .M529 2003 |
| 082 00 - DEWEY DECIMAL CLASSIFICATION NUMBER | |
| Classification number | 658.4036 |
| Edition number | 21 |
| Author Mark | MIC |
| 100 1# - MAIN ENTRY--PERSONAL NAME | |
| Personal name | Michalski, Walter J. |
| 9 (RLIN) | 85095 |
| 245 10 - TITLE STATEMENT | |
| Title | Six Sigma Tool Navigator : |
| Remainder of title | the master guide for teams / |
| Statement of responsibility, etc. | Walter J. Michalski ; edited by Dana G. King. |
| 260 ## - PUBLICATION, DISTRIBUTION, ETC. | |
| Place of publication, distribution, etc. | New York : |
| Name of publisher, distributor, etc. | Productivity Press, |
| Date of publication, distribution, etc. | c2003. |
| 300 ## - PHYSICAL DESCRIPTION | |
| Extent | xxiv, 100, 640 p. : |
| Other physical details | ill. ; |
| Dimensions | 23 cm. + |
| Accompanying material | 1 CD-ROM (4 3/4 in.) |
| 500 ## - GENERAL NOTE | |
| General note | Rev. ed. of: Tool navigator. Portland, Or. : Productivity Press, c1997. |
| 504 ## - BIBLIOGRAPHY, ETC. NOTE | |
| Bibliography, etc. note | Includes bibliographical references (p. 623-626) and indexes. |
| 563 ## - BINDING INFORMATION | |
| Binding note | Paper Back |
| 650 #0 - SUBJECT ADDED ENTRY--TOPICAL TERM | |
| Topical term or geographic name entry element | Total quality management. |
| 9 (RLIN) | 872 |
| 650 #0 - SUBJECT ADDED ENTRY--TOPICAL TERM | |
| Topical term or geographic name entry element | Teams in the workplace. |
| 9 (RLIN) | 12393 |
| 650 #0 - SUBJECT ADDED ENTRY--TOPICAL TERM | |
| Topical term or geographic name entry element | Group problem solving. |
| 9 (RLIN) | 85096 |
| 650 #0 - SUBJECT ADDED ENTRY--TOPICAL TERM | |
| Topical term or geographic name entry element | Creative ability. |
| 9 (RLIN) | 7733 |
| 700 1# - ADDED ENTRY--PERSONAL NAME | |
| Personal name | Michalski, Walter J. |
| Title of a work | Tool navigator. |
| 9 (RLIN) | 85097 |
| 856 42 - ELECTRONIC LOCATION AND ACCESS | |
| Materials specified | Publisher description |
| Uniform Resource Identifier | <a href="http://www.loc.gov/catdir/enhancements/fy0801/2003006071-d.html">http://www.loc.gov/catdir/enhancements/fy0801/2003006071-d.html</a> |
| 906 ## - LOCAL DATA ELEMENT F, LDF (RLIN) | |
| a | 7 |
| b | cbc |
| c | orignew |
| d | 1 |
| e | ecip |
| f | 20 |
| g | y-gencatlg |
| 942 ## - ADDED ENTRY ELEMENTS (KOHA) | |
| Source of classification or shelving scheme | |
| Koha item type | Book |
| Withdrawn status | Lost status | Source of classification or shelving scheme | Damaged status | Not for loan | Permanent Location | Current Location | Shelving location | Date acquired | Full call number | Barcode | Date last seen | Price effective from | Koha item type |
|---|---|---|---|---|---|---|---|---|---|---|---|---|---|
| School of Mechanical & Manufacturing Engineering (SMME) | School of Mechanical & Manufacturing Engineering (SMME) | General Stacks | 06/26/2015 | 658.4036 MIC | SMME-72 | 03/20/2018 | 06/26/2015 | Book |
